Ke-ʻalim ba-ruaḥ (Record no. 33719)
[ view plain ]
| 000 -LEADER | |
|---|---|
| fixed length control field | 00952cam a22002651 4500 |
| 001 - CONTROL NUMBER | |
| control field | he 68002866 |
| 003 - CONTROL NUMBER IDENTIFIER | |
| control field | DLC |
| 005 - DATE AND TIME OF LATEST TRANSACTION | |
| control field | 20260227111503.0 |
| 008 - FIXED-LENGTH DATA ELEMENTS--GENERAL INFORMATION | |
| fixed length control field | 870527s1965 is ac 000 0cheb |
| 010 ## - LIBRARY OF CONGRESS CONTROL NUMBER | |
| LC control number | he 68002866 |
| 035 ## - SYSTEM CONTROL NUMBER | |
| System control number | (OCoLC)15736056 |
| 040 ## - CATALOGING SOURCE | |
| Original cataloging agency | DLC |
| Transcribing agency | TxU |
| Modifying agency | TxU |
| -- | DLC |
| 042 ## - AUTHENTICATION CODE | |
| Authentication code | premarc |
| 050 00 - LIBRARY OF CONGRESS CALL NUMBER | |
| Classification number | DS135.P62 |
| Item number | K683 |
| 245 00 - TITLE STATEMENT | |
| Title | Ke-ʻalim ba-ruaḥ |
| Remainder of title | [zikhronot ve-yoman] |
| 260 ## - PUBLICATION, DISTRIBUTION, ETC. | |
| Place of publication, distribution, etc. | Tel-Aviv, |
| Name of publisher, distributor, etc. | Ḥug Yedide Be. H. S. ha-Yarkon |
| Date of publication, distribution, etc. | [1965 or 6] 726. |
| 300 ## - PHYSICAL DESCRIPTION | |
| Extent | 169 p. |
| Other physical details | illus., port. |
| Dimensions | 19 cm. |
| 505 0# - FORMATTED CONTENTS NOTE | |
| Formatted contents note | Masekhet ḥayyim [me-et] M. Ts. Fridner.--Be-mikdasho shel ha-Molekh [me-et] M. Bosak.--Be-ʻene yeled [me-et] Y. Feldman. Tirgem mi-Polanit M. Ts. Fridner. |
| 650 #0 - SUBJECT ADDED ENTRY--TOPICAL TERM | |
| Topical term or geographic name entry element | Holocaust, Jewish (1939-1945) |
| General subdivision | Personal narratives. |
| 650 #0 - SUBJECT ADDED ENTRY--TOPICAL TERM | |
| Topical term or geographic name entry element | Jews |
| Geographic subdivision | Poland |
| -- | Kraków. |
| 700 1# - ADDED ENTRY--PERSONAL NAME | |
| Personal name | Friedner, Moshe Z. |
| 700 1# - ADDED ENTRY--PERSONAL NAME | |
| Personal name | Bosak, Meir, |
| Dates associated with a name | 1912- |
| 700 1# - ADDED ENTRY--PERSONAL NAME | |
| Personal name | Feldman, Juliusz. |
| 710 2# - ADDED ENTRY--CORPORATE NAME | |
| Corporate name or jurisdiction name as entry element | Ḥug Yedide Bet-ha-Sefer ha-Yarkon. |
No items available.